| 000 | 00626nam a22002297a 4500 | ||
|---|---|---|---|
| 003 | OSt | ||
| 005 | 20150518143939.0 | ||
| 008 | 150518b xxu||||| |||| 00| 0 eng d | ||
| 020 | _a0443074062 | ||
| 040 | _cDNLM | ||
| 082 | _aWB460 A52p 2005 | ||
| 100 |
_aAtkinson, Karen _94651 |
||
| 245 |
_aPhysiotherapy in orthopaedics: _ba problem-solving approach |
||
| 250 | _a2nd ed | ||
| 260 |
_aEdinburgh; _bElsevier, _c2005 |
||
| 300 |
_aix,363p; _bill: _c25cm |
||
| 504 | _aReferences, & index included | ||
| 650 |
_aPhysiotherapy _91959 |
||
| 650 |
_aOrthopaedics _9923 |
||
| 700 |
_aCoutts, Fiona _94652 |
||
| 942 |
_2z _cO_SHELF |
||
| 999 |
_c1769 _d1769 |
||